| 000 | 00922cam a2200205 4500 | ||
|---|---|---|---|
| 001 | ABS60835 | ||
| 008 | 000000n1999 000 0 eng u | ||
| 035 | _a(Sirsi) u101341 | ||
| 100 | _aCounsell, D. | ||
| 245 | _aSustainable development and planning - accommodating social needs. | ||
| 260 | _c1999 | ||
| 490 |
_aTown & Country Planning _v68(6) June 1999, 202-204(3) |
||
| 520 | _aThe last in a series of three articles (for previous articles see ABS60550) looking at the issue of sustainable development and structure plan practice. Emphasises the need for social issues to be addressed in development plans as central to the concept of sustainable development, and looks at practical approaches to addressing these issues. | ||
| 650 | _aSUSTAINABLE DEVELOPMENT | ||
| 650 | _aSTRUCTURE PLANS | ||
| 650 | _aSOCIAL ISSUES | ||
| 650 | _aDEVELOPMENT PLANNING | ||
| 690 | _aPLANNING LAW AND PRACTICE | ||
| 942 | _n0 | ||
| 999 |
_c60488 _d60488 |
||